|
|
|
|
| LEADER |
00000nam0a2200000 4500 |
| 001 |
339768 |
| 005 |
20231102005156.0 |
| 035 |
|
|
|a (RuTPU)RU\TPU\book\366307
|
| 090 |
|
|
|a 339768
|
| 100 |
|
|
|a 20180125d1978 km y0rusy50 ca
|
| 101 |
0 |
|
|a rus
|
| 102 |
|
|
|a RU
|
| 105 |
|
|
|a a z 001zy
|
| 200 |
1 |
|
|a Нарезание конических зубчатых колес
|f Н. Ф. Хлебалин
|g под ред. Е. Г. Гинзбурга
|
| 210 |
|
|
|a Ленинград
|c Машиностроение
|d 1978
|
| 215 |
|
|
|a 160 с.
|c ил.
|
| 225 |
1 |
|
|a Библиотечка зубореза
|v Вып. 6
|
| 320 |
|
|
|a Библиогр.: с. 159
|
| 606 |
1 |
|
|a Зубчатые колеса конические
|x Производство
|2 stltpush
|3 (RuTPU)RU\TPU\subj\12047
|9 38901
|
| 606 |
1 |
|
|a Резьба
|x Изготовление
|2 stltpush
|3 (RuTPU)RU\TPU\subj\24761
|9 49051
|
| 610 |
1 |
|
|a заготовки
|
| 610 |
1 |
|
|a конструкции
|
| 610 |
1 |
|
|a станки
|
| 610 |
1 |
|
|a инструмент
|
| 610 |
1 |
|
|a точность
|
| 610 |
1 |
|
|a методы
|
| 610 |
1 |
|
|a контроль
|
| 610 |
1 |
|
|a зоны контакта
|
| 610 |
1 |
|
|a притирка
|
| 610 |
1 |
|
|a расчет
|
| 610 |
1 |
|
|a установки
|
| 675 |
|
|
|a 621.833.2
|v 4
|
| 675 |
|
|
|a 621.99
|v 4
|
| 700 |
|
1 |
|a Хлебалин
|b Н. Ф.
|g Николай Федорович
|
| 702 |
|
1 |
|a Гинзбург
|b Е. Г.
|4 340
|
| 801 |
|
1 |
|a RU
|b 63413507
|c 20180125
|
| 801 |
|
2 |
|a RU
|b 63413507
|c 20181023
|g RCR
|
| 942 |
|
|
|c BK
|